00342nam a22001097a 4500008004100000082001600041100002700057245009000084260003200174300002000206440000600226230629b xxu||||| |||| 00| 0 eng d a346.06bEAC cEast African Community aEast African Communityb9th Meeting of the Council of MinistercReport of the Council aArusha, TanzaniabEACc2004 avarious panging v2